000 00629nam a2200205Ia 4500
003 OSt
005 20250909112650.0
008 220917b |||||||| |||| 00| 0 eng d
037 _cTB
040 _aARTS
_cARTS
_beng
041 _2eng
_aeng
084 _aQ4 M8
_qAL
100 _aMererk Phramaha Prayoon
_9155286
245 0 _aSelfessness in sartre's existentialism and early buddhism
260 _aWat
_bMahadhatu Mahachulalongkorn Buddhist University Bangkok
_c1988
300 _axv, 224p.
_ccm.
650 _aRELIGION
_9820509
942 _hQ4 M8
_cTB
_2CC
_n0
999 _c291873
_d291873